Statistiken für Alle Pokemon mit "S"

Klicken Sie hier um das Quiz zu spielen!

Allgemein

  • Dieses Quiz wurde 288 mal gespielt
    (84 seit der letzten Aktualisierung)
  • Das Durchschnittsergebnis liegt bei 61 aus 115

Antwortstatistiken

HintAntwort% Korrekt
Kanto (19)008Schillok
100%
Kanto (19)011Safcon
97%
Kanto (19)007Schiggy
97%
Kanto (19)012Smettbo
94%
Kanto (19)123Sichlor
92%
Kanto (19)110Smogmog
92%
Kanto (19)109Smogon
92%
Kanto (19)121Starmie
92%
Kanto (19)120Sterndu
92%
Kanto (19)117Seemon
89%
Kanto (19)116Seeper
89%
Kanto (19)028Sandamer
86%
Kanto (19)027Sandan
86%
Kanto (19)071Sarzenia
86%
Kanto (19)065Simsala
86%
Kanto (19)088Sleima
86%
Kanto (19)089Sleimok
86%
Johto (11)212Scherox
81%
Kanto (19)108Schlurp
81%
Johto (11)230Seedraking
81%
Hoenn (19)363Seemops
81%
Johto (11)215Sniebel
81%
Hoenn (19)364Seejong
78%
Kanto (19)053Snobilikat
78%
Johto (11)245Suicune
78%
Sinnoh (15)463Schlurplek
75%
Sinnoh (15)461Snibunna
75%
Hoenn (19)338Sonnfel
75%
Hoenn (19)273Samurzel
72%
Alola (6)791Solgaleo
72%
Johto (11)192Sonnflora
72%
Johto (11)191Sonnkern
72%
Johto (11)208Stahlos
72%
Hoenn (19)306Stolloss
72%
Hoenn (19)304Stollunior
72%
Sinnoh (15)396Staralili
69%
Sinnoh (15)398Staraptor
69%
Hoenn (19)305Stollrak
69%
Hoenn (19)276Schwalbini
67%
Hoenn (19)277Schwalboss
67%
Johto (11)214Skaraborn
67%
Sinnoh (15)403Sheinux
64%
Sinnoh (15)397Staravia
64%
Hoenn (19)260Sumpex
64%
Einall (20)495Serpifeu
61%
Einall (20)497Serpiroyal
61%
Sinnoh (15)422Schalellos
58%
Hoenn (19)316Schluppuck
58%
Hoenn (19)317Schlukwech
56%
Hoenn (19)339Schneppke
56%
Einall (20)525Sedimantur
56%
Sinnoh (15)480Selfe
56%
Sinnoh (15)435Skuntank
56%
Hoenn (19)281Schmerbe
53%
Sinnoh (15)459Shnebedeck
53%
Johto (11)207Skorgla
53%
Sinnoh (15)472Skorgro
53%
Sinnoh (15)434Skunkapuh
53%
Hisui (2)903Snieboss
53%
Johto (11)209Snubbull
53%
Einall (20)516Sodachita
53%
Einall (20)515Sodamak
53%
Hoenn (19)325Spoink
53%
Hoenn (19)368Saganabyss
50%
Hoenn (19)266Schaloko
50%
Alola (6)799Schlingking
50%
Hoenn (19)353Shuppet
50%
Sinnoh (15)410Schilterus
44%
Sinnoh (15)428Schlapor
44%
Hoenn (19)335Sengo
44%
Einall (20)609Skelabra
44%
Einall (20)517Somniam
44%
Alola (6)795Schabelle
42%
Johto (11)218Schneckmag
42%
Einall (20)611Sharfax
42%
Einall (20)518Somnivora
42%
Einall (20)530Stalobor
42%
Einall (20)585Sesokitz
39%
Sinnoh (15)432Shnurgarst
39%
Einall (20)614Siberio
39%
Galar (8)844Sanaconda
36%
Einall (20)533Strepoli
36%
Einall (20)621Shardrago
33%
Einall (20)561Symvolara
33%
Galar (8)843Salanga
31%
Hisui (2)902Salmagnis
31%
Alola (6)769Sankabuh
31%
Kalos (3)692Scampisto
31%
Einall (20)535Schallquap
31%
Einall (20)616Schnuthelm
31%
Kalos (3)659Scoppel
31%
Alola (6)780Sen-Long
31%
Galar (8)858Silembrim
31%
Alola (6)724Silvarro
31%
Kalos (3)685Sabbaione
28%
Galar (8)842Schlapfel
28%
Paldea (12)911Skelokrok
28%
Galar (8)872Snomnom
28%
Einall (20)581Swaroness
28%
Galar (8)820Schlaraffel
22%
Galar (8)876Servol
22%
Einall (20)540Strawickl
22%
Paldea (12)934Saltigant
19%
Galar (8)824Sensect
19%
Paldea (12)980Suelord
19%
Paldea (12)989Sandfell
17%
Paldea (12)968Schlurm
17%
Einall (20)629Skallyk
17%
Paldea (12)918Spinsidias
17%
Paldea (12)960Schligda
14%
Paldea (12)961Schligdri
14%
Paldea (12)933Sedisal
14%
Paldea (12)1011Sirapfel
14%
Paldea (12)954Skarabaks
8%
Paldea (12)944Sproxi
8%

Verteilung der Resultate

Perzentil nach korrekt beantworteten Fragen

Anzahl Personen mit jedem Resultat

Ihre Resultats-Entwicklung

Sie haben dieses Quiz seit der letzten Aktualisierung nicht gespielt